Responses for Show #5092 - Tuesday, October 31, 2006

Chris Mazurek game 4.

Contestants

[<< previous game]

Michael Green, a graduate student from Tempe, Arizona

Connie Toohey, a financial secretary and bartender from Solomons, Maryland

Chris Mazurek, an assistant professor from Columbia, Missouri (whose 3-day cash winnings total $67,798)

[next game >>]

Jeopardy! Round responses

HAPPY HALLOWEEN
RELAX, IT'S MY TREATY
OLD MAN RIVER
LET'S "TRAVEL"
GOING TO THE DOGS
...AND HOWE!
    $200 3
the black cat

Chris
    $200 22
the Panama Canal

Connie
    $200 13
Snake

Chris
    $200 6
a travelogue

Chris
    $200 1
a boxer

Chris
    $200 12
Washington

Connie
    $400 18
bobbing for apples

Connie
    $400 23
(Michael: Who is Cleopatra?)

Octavius

Michael
Triple Stumper
    $400 14
Clyde

Connie
    $400 8
(Michael: What are American Express cards?)

American Express travellers cheques

ChrisMichael
    $400 2
(Connie: What's a German shepherd?)
...
(Alex: Rin Tin Tin was the German shepherd.)

a Collie

ConnieMichael
    $400 27
[The end-of-round signal sounds.]
(Chris: $800.)
(Alex: And we won't get a chance for that. And it's nice to end with the Three Stooges.)

Cheatem

Chris
    $600 19
a turnip

Connie
    $600 15
Seneca

Triple Stumper
    $600 9
the Traveling Wilburys

Michael
    $1,000 4
the Boston terrier

Chris
    $800 20
All Saints' Day

Connie
    $800 25
(Michael: Who is Marshall?)

John Jay

ChrisMichael
    $800 16
Mackenzie

Connie
    $800 10
travelocity.com

Chris
    $800 5
the Chesapeake Bay retriever

Connie
    $1000 21
the jack-o'-lantern

Triple Stumper
    $1000 24
Charlemagne

Connie
    $1000 17
Vernon Jordan

Michael
    $1000 11
(Michael: What are My Travels with Charley?)
(Alex: Yes.)
(Michael: OLD MAN RIVER for $200.)
[Uproar from the judges]
(Alex: No. Sorry, sorry.)

Travels with Charley

Michael
Triple Stumper
    $1000 7
a papillon

Chris
    $1000 26
Margaret Thatcher

Michael

Scores at the first commercial break (after clue 15):

Chris Connie Michael
$4,000 $1,000 -$400

Scores at the end of the Jeopardy! Round:

Chris Connie Michael
$5,200 $4,800 $400

Double Jeopardy! Round responses

SCIENC"E"
COMPOSERS ON FILM
GEOGRAPHIC GLOSSARY
MEN OF TRINITY COLLEGE
(Alex: ...in Dublin.)
FICTION
BEASTLY EXPRESSIONS
    $400 11
estrogen

Chris
    $400 1
(John Philip) Sousa

Michael
    $400 21
Bay

Chris
    $400 26
(Alex: Only off by a few billion years, [*].)

the creation of the world

Triple Stumper
    $400 6
pioneers

Michael
    $400 16
see you later, alligator

Michael
    $800 12
the epidermis

Chris
    $800 2
(Connie: Ooh. Who is...?)

Stephen Foster

Connie
Triple Stumper
    $800 22
a crater lake

Triple Stumper
    $800 27
[The end-of-round signal sounds.]

Dr. Samuel Johnson

Triple Stumper
    $800 7
(Alex: [To Michael] Right, and you've just taken the lead.)

Lord of the Flies

Michael
    $800 17
a scapegoat

Chris
    $2,000 13
eclipse

Chris
    $1200 3
(Sir Arthur) Sullivan

Connie
    $1200 23
hook

Connie
    $1200 8
The Bonfire of the Vanities

Michael
    $1200 18
charley horse

Chris
    $1600 14
estuary

Chris
    $1600 4
(Richard) Rodgers

Michael
    $1600 24
Bog

Connie
    $1600 9
Bartleby

Chris
    $1600 19
a mule

Chris
    $2000 15
(Chris: What is Echidnia?)
...
(Alex: You're sort of heading there, [*].)
[Chris sighs.]

Echinodermata

Chris
Triple Stumper
    $2000 5
Salieri

Michael
    $2,500 25
(Alex: About a minute to go, Connie. You have more than 50% of Chris's total, which means that if you make this a True Daily Double, guess what, you'll be in first place.)
(Connie: How about $2500?)
(Alex: All right, how about that?)
...
(Connie: What is Chadds Forge? Ooh, I know it's [*]!)
(Alex: Ooh! It's [*], yes! You said Forge first, though. Darn.)

Ford

Connie
    $2000 10
(Chris: What is The Centennial Man?)
(Connie: What is I, Robot?)
...
(Alex: Chris, you were close. It's the [*]. He lives to be 200 years old, [*].)

Bicentennial Man

ChrisConnie
Triple Stumper
    $2000 20
happy as a clam

Triple Stumper

Scores at the end of the Double Jeopardy! Round:

Chris Connie Michael
$11,600 $3,500 $7,200

[wagering suggestions for these scores]

Final Jeopardy! Round responses

GOVERNMENT FORMS
(Alex: Connie, you're in third place. You had trouble with this.)
(Connie: I did.)
(Alex: But if you're asked to describe wrongdoing, what are you?)
ConnieWhat is ?
$3,495
MichaelWhat is a Tax Assessor
$4,500
ChrisWhat is an ombudsman
$2,801
a whistleblower

Final scores:

Chris Connie Michael
$8,799 $5 $2,700
4-day champion: $76,597 3rd place: $1,000 2nd place: $2,000

Game dynamics:

Coryat scores:

Chris Connie Michael
$10,400 $6,000 $7,200
19 R
(including 2 DDs),
2 W
12 R,
4 W
(including 1 DD)
11 R,
4 W

Combined Coryat: $23,600

[game clues] [game scores] [suggest correction]

Game tape date: 2006-09-13
The J! Archive is created by fans, for fans. Scraping, republication, monetization, and malicious use prohibited; this site may use cookies and collect identifying information. See terms. The Jeopardy! game show and all elements thereof, including but not limited to copyright and trademark thereto, are the property of Jeopardy Productions, Inc. and are protected under law. This website is not affiliated with, sponsored by, or operated by Jeopardy Productions, Inc. Join the discussion at JBoard.tv.